000 00345nam a2200121Ia 4500
008 220204s9999 xx 000 0 und d
082 _a519.2
_bPAT
100 _aPatel, Jagdishka
245 0 _aHandbook of statistical distributions
260 _aNew York
_bMarcel Dekker
_c1976
490 _aStatistics: Textbooks and monographs V 20
942 _cBK
999 _c25580
_d25580